Advanced high-frequency radio communications / (Record no. 176020)
[ view plain ]
| 000 -LEADER | |
|---|---|
| fixed length control field | 00929 a2200205 4500 |
| 003 - CONTROL NUMBER IDENTIFIER | |
| control field | Nust |
| 005 - DATE AND TIME OF LATEST TRANSACTION | |
| control field | 20170207152515.0 |
| 010 ## - LIBRARY OF CONGRESS CONTROL NUMBER | |
| LC control number | 97000483 |
| 020 ## - INTERNATIONAL STANDARD BOOK NUMBER | |
| International Standard Book Number | 0890068151 |
| 040 ## - CATALOGING SOURCE | |
| Transcribing agency | Nust |
| 082 00 - DEWEY DECIMAL CLASSIFICATION NUMBER | |
| Classification number | 004.66 |
| 245 00 - TITLE STATEMENT | |
| Title | Advanced high-frequency radio communications / |
| Statement of responsibility, etc. | Eric E. Johnson ... [et al.]. |
| 260 ## - PUBLICATION, DISTRIBUTION, ETC. | |
| Place of publication, distribution, etc. | Boston : |
| Name of publisher, distributor, etc. | Artech House, |
| Date of publication, distribution, etc. | c1997. |
| 300 ## - PHYSICAL DESCRIPTION | |
| Extent | xxi, 376 p. : |
| Other physical details | ill. ; |
| Dimensions | 24 cm. |
| 505 ## - FORMATTED CONTENTS NOTE | |
| Formatted contents note | High Frequency Communication System Engineering (Page-1)High Frequency Sky Wave Channels (Page-35)High Frequency Antennas(Page-129)Conclusions(Page-165)Automatic Link Establishment Signal Structure (Page-191)Automatic Link Establishment Protocol (Page-217)Linking Protections (Page-277)The High Frequency Data Link Protocol (Page-299)High Frequency Radio Networking (Page-325) |
| 538 ## - SYSTEM DETAILS NOTE | |
| System details note | Almirah No.27 Shelf No.1 |
| 650 #0 - SUBJECT ADDED ENTRY--TOPICAL TERM | |
| Topical term or geographic name entry element | Shortwave radio. |
| 650 #0 - SUBJECT ADDED ENTRY--TOPICAL TERM | |
| Topical term or geographic name entry element | Wireless communication systems. |
| 700 1# - ADDED ENTRY--PERSONAL NAME | |
| Personal name | Johnson, Eric E. |
| 942 ## - ADDED ENTRY ELEMENTS (KOHA) | |
| Koha item type | Reference |
| Withdrawn status | Lost status | Source of classification or shelving scheme | Damaged status | Not for loan | Collection code | Permanent Location | Current Location | Date acquired | Total Checkouts | Full call number | Barcode | Date last seen | Price effective from | Koha item type |
|---|---|---|---|---|---|---|---|---|---|---|---|---|---|---|
| Military College of Signals (MCS) | Military College of Signals (MCS) | 12/12/2016 | 621.38456 JOH | MCS26773 | 12/08/2016 | 12/12/2016 | Book |
